<?xml version="1.0" encoding="UTF-8"?><?xml-stylesheet type="text/xsl" href="static/style.xsl"?><OAI-PMH xmlns="http://www.openarchives.org/OAI/2.0/" xmlns:xsi="http://www.w3.org/2001/XMLSchema-instance" xsi:schemaLocation="http://www.openarchives.org/OAI/2.0/ http://www.openarchives.org/OAI/2.0/OAI-PMH.xsd"><responseDate>2026-05-15T14:09:03Z</responseDate><request verb="GetRecord" identifier="oai:riubu.ubu.es:10259/5935" metadataPrefix="marc">https://riubu.ubu.es/oai/request</request><GetRecord><record><header><identifier>oai:riubu.ubu.es:10259/5935</identifier><datestamp>2022-12-16T23:42:13Z</datestamp><setSpec>com_10259_2699</setSpec><setSpec>col_10259_2721</setSpec></header><metadata><record xmlns="http://www.loc.gov/MARC21/slim" xmlns:doc="http://www.lyncode.com/xoai" xmlns:xsi="http://www.w3.org/2001/XMLSchema-instance" xmlns:dcterms="http://purl.org/dc/terms/" xsi:schemaLocation="http://www.loc.gov/MARC21/slim http://www.loc.gov/standards/marcxml/schema/MARC21slim.xsd">
<leader>00925njm 22002777a 4500</leader>
<datafield tag="042" ind1=" " ind2=" ">
<subfield code="a">dc</subfield>
</datafield>
<datafield tag="720" ind1=" " ind2=" ">
<subfield code="a">Herrejón Lagunilla, Ángela</subfield>
<subfield code="e">author</subfield>
</datafield>
<datafield tag="260" ind1=" " ind2=" ">
<subfield code="c">2020</subfield>
</datafield>
<datafield tag="520" ind1=" " ind2=" ">
<subfield code="a">Se presentan diversas aplicaciones del arqueomagnetismo sobre materiales quemados prehistóricos ibéricos. Se ha evaluado la preservación de la señal magnética mediante el estudio de fuegos experimentales con 2-5 años de antigüedad, conservados bajo diferentes condiciones tafonómicas. Se presenta una nueva metodología para identificar/temporalizar ocupaciones humanas en palimpsestos del Paleolítico medio, aplicada a la unidad X de El Salt (Alcoy). El método se basa en la comparación de direcciones medias y el uso de un modelo paleomagnético para estimar el tiempo mínimo que explicaría las diferencias direccionales. También se han estudiado las propiedades magnéticas de varios horizontes expuestos en perfiles estratigráficos del mismo yacimiento para evaluar si están quemados. Por último, se presentan 13 nuevas direcciones obtenidas a partir de 4 depósitos de fumiers (La Castañera, San Cristóbal, Mirador y Estillín) y una nueva curva de variación secular para Iberia entre el 6000 a.C. y 1000 a.C. usando dos métodos diferentes.</subfield>
</datafield>
<datafield tag="024" ind2=" " ind1="8">
<subfield code="a">http://hdl.handle.net/10259/5935</subfield>
</datafield>
<datafield tag="024" ind2=" " ind1="8">
<subfield code="a">10.36443/10259/5935</subfield>
</datafield>
<datafield ind1=" " ind2=" " tag="653">
<subfield code="a">Arqueomagnetismo</subfield>
</datafield>
<datafield ind1=" " ind2=" " tag="653">
<subfield code="a">Magnetismo de las rocas</subfield>
</datafield>
<datafield ind1=" " ind2=" " tag="653">
<subfield code="a">Arqueología experimental</subfield>
</datafield>
<datafield ind1=" " ind2=" " tag="653">
<subfield code="a">Paleolítico medio</subfield>
</datafield>
<datafield ind1=" " ind2=" " tag="653">
<subfield code="a">Fumiers</subfield>
</datafield>
<datafield ind1=" " ind2=" " tag="653">
<subfield code="a">Archaeomagnetism</subfield>
</datafield>
<datafield ind1=" " ind2=" " tag="653">
<subfield code="a">Rock magnetism</subfield>
</datafield>
<datafield ind1=" " ind2=" " tag="653">
<subfield code="a">Experimental archaeology</subfield>
</datafield>
<datafield ind1=" " ind2=" " tag="653">
<subfield code="a">Middle Palaeolithic</subfield>
</datafield>
<datafield tag="245" ind1="0" ind2="0">
<subfield code="a">Estudios arqueomagnéticos en materiales quemados prehistóricos de la península ibérica: aplicaciones geocronológicas y geoarqueológicas</subfield>
</datafield>
</record></metadata></record></GetRecord></OAI-PMH>